{"text_format":"1","workbook":"xlsx","n_sheets":2,"sheets":["Лист2","база"],"not_rendered":{"charts":0,"images":0,"macros":0,"external_links":0,"defined_names":0,"comments":1,"pivot_tables":0},"unopened":[],"bounds":{"document_bytes":16777216,"sheet_cells":100000,"rows_first":2000,"rows_last":500,"rows_between":2000,"halvings":0,"cell_chars":16384,"cell_head_chars":4096},"cells_cut":0,"cells_raw":0,"read":"whole","date_system":"1900"}

{"sheet":"Лист2","index":0,"n_rows":20,"n_cols":12,"rows_kept":20,"cut":false,"hidden":false,"merged":[[19,0,19,1],[19,3,19,5],[4,0,4,1],[17,0,17,1],[17,3,17,5],[18,0,18,1],[18,3,18,5]]}
[]
[null,null,null,null,null,null,null,null,null,null,"коэфициент удорожания работ :",1.3]
[null,null,"Таблица длинная…"]
[]
["Шифр",null,"Название","Ед. изм.","Кол-во","Цена","Стоимость"]
["2-36",null,"Пробивка сквозных отверстий диаметром до 50 мм в кирпиче б=250 мм.","шт.",1,{"$f":"VLOOKUP(A6,база!A4:G32,6,0)*L2","v":54.6},{"$f":"(E6*F6)*$L$2","v":70.98}]
[null,"309","Шнек 400 мм","шт.",{"$f":"E6*0.08","v":0.08},494,{"$f":"(E7*F7)*$L$2","v":51.376000000000005}]
["2-37",null,"Пробивка сквозных отверстий диаметром до 120 мм в кирпиче б=250 мм.","шт.",1,{"$f":"VLOOKUP(A8,база!A6:G34,6,0)*L4","v":0},0]
[null,"309","Шнек 400 мм","шт.",{"$f":"E8*0.12","v":0.12},494,77.064000000000007]
["2-45",null,"Пробивка сквозных отверстий диаметром до 50 мм в бетоне до 500 мм.","шт.",2,156,405.6]
[null,"190","Пика к отбойному молотку 400 мм","шт.",{"$f":"E10","v":2},488,1268.8]
["2-46",null,"Пробивка сквозных отверстий диаметром до 120 мм в бетоне толщиной до 500 мм","шт.",1,{"$f":"169*L2","v":219.70000000000002},285.61]
[null,"190","Пика к отбойному молотку 400 мм","шт.",{"$f":"E12*1.5","v":1.5},488,951.6]
["2-47",null,"Пробивка сквозных отверстий под коммуникации 130х130-300х300 мм  в бетоне толщиной до 500 мм","шт.",1,{"$f":"208*L2","v":270.40000000000003},351.52000000000004]
[null,"190","Пика к отбойному молотку 400 мм","шт.",{"$f":"E14*1.8","v":1.8},488,1141.92]
["2-41",null,"Пробивка сквозных отверстий в капитальной кирпичной стене под коммуникации 130х130-300х300 мм б=510 мм","шт.",1,{"$f":"169*L2","v":219.70000000000002},285.61]
[null,"190","Пика к отбойному молотку 400 мм","шт.",{"$f":"E16*0.2","v":0.2},488,126.88000000000001]
[null,null,"работа:",null,null,null,{"$f":"SUM(G6,G8,G10,G12,G14,G16)","v":1399.3200000000002}]
[null,null,"материалы:",null,null,null,{"$f":"SUM(G7,G9,G11,G13,G15,G17)","v":3617.6400000000003}]
[null,null,"всего:",null,null,null,{"$f":"SUM(G18:G19)","v":5016.9600000000009}]

{"sheet":"база","index":1,"n_rows":32,"n_cols":7,"rows_kept":32,"cut":false,"hidden":false,"merged":[]}
[]
[null,null,"отрывок базы"]
[]
["2-36",null,"Пробивка сквозных отверстий диаметром до 50 мм в кирпиче б=250 мм.","шт.",1,42,{"$f":"E4*F4","v":42}]
[null,"309","Шнек 400 мм","шт.",{"$f":"E4*0.08","v":0.08},494,39.520000000000003]
["2-37",null,"Пробивка сквозных отверстий диаметром до 120 мм в кирпиче б=250 мм.","шт.",1,78,78]
[null,"309","Шнек 400 мм","шт.",{"$f":"E6*0.12","v":0.12},494,59.28]
["2-38",null,"Пробивка сквозных отверстий в капитальной кирпичной стене под коммуникации 130х130-300х300 мм б=250 мм","шт.",1,110,110]
[null,"190","Пика к отбойному молотку 400 мм","шт.",{"$f":"E8*0.15","v":0.15},488,73.2]
["2-39",null,"Пробивка сквозных отверстий диаметром до 50 мм в кирпиче б=510 мм.","шт.",1,78,78]
[null,"309","Шнек 400 мм","шт.",{"$f":"E10*0.12","v":0.12},494,59.28]
["2-40",null,"Пробивка сквозных отверстий диаметром до 120 мм в кирпиче б=510 мм.","шт.",1,109,109]
[null,"309","Шнек 400 мм","шт.",{"$f":"E12*0.15","v":0.15},494,74.099999999999994]
["2-41",null,"Пробивка сквозных отверстий в капитальной кирпичной стене под коммуникации 130х130-300х300 мм б=510 мм","шт.",1,169,169]
[null,"190","Пика к отбойному молотку 400 мм","шт.",{"$f":"E14*0.2","v":0.2},488,97.600000000000009]
["2-42",null,"Пробивка сквозных отверстий диаметром до 50 мм в бетоне до 250 мм.","шт.",1,65,65]
[null,"190","Пика к отбойному молотку 400 мм","шт.",{"$f":"E16*0.2","v":0.2},488,97.600000000000009]
["2-43",null,"Пробивка сквозных отверстий диаметром до 120 мм в бетоне толщиной до 250 мм","шт.",1,130,130]
[null,"190","Пика к отбойному молотку 400 мм","шт.",{"$f":"E18*0.3","v":0.3},488,146.4]
["2-44",null,"Пробивка сквозных отверстий под коммуникации 130х130-300х300 мм  в бетоне толщиной до 250 мм","шт.",1,156,156]
[null,"190","Пика к отбойному молотку 400 мм","шт.",{"$f":"E20*0.35","v":0.35},488,170.79999999999998]
["2-45",null,"Пробивка сквозных отверстий диаметром до 50 мм в бетоне до 500 мм.","шт.",1,156,156]
[null,"190","Пика к отбойному молотку 400 мм","шт.",{"$f":"E22","v":1},488,488]
["2-46",null,"Пробивка сквозных отверстий диаметром до 120 мм в бетоне толщиной до 500 мм","шт.",1,169,169]
[null,"190","Пика к отбойному молотку 400 мм","шт.",{"$f":"E24*1.5","v":1.5},488,732]
["2-47",null,"Пробивка сквозных отверстий под коммуникации 130х130-300х300 мм  в бетоне толщиной до 500 мм","шт.",1,208,208]
[null,"190","Пика к отбойному молотку 400 мм","шт.",{"$f":"E26*1.8","v":1.8},488,878.4]
["2-48",null,"Пробивка сквозных отверстий диаметром до 50 мм в бетоне до 1000 мм.","шт.",1,168,168]
[null,"190","Пика к отбойному молотку 400 мм","шт.",{"$f":"E28*1.8","v":1.8},488,878.4]
["2-49",null,"Пробивка сквозных отверстий диаметром до 120 мм в бетоне толщиной до 1000 мм","шт.",1,208,208]
[null,"190","Пика к отбойному молотку 400 мм","шт.",{"$f":"E30*2.5","v":2.5},488,1220]
["2-50",null,"Пробивка сквозных отверстий под коммуникации 130х130-300х300 мм  в бетоне толщиной до 1000 мм","шт.",1,273,273]